Groundwater geochemistry : (Record no. 11479)

MARC details
000 -LEADER
fixed length control field 01452cam a2200385 i 4500
001 - CONTROL NUMBER
control field 15259526
003 - CONTROL NUMBER IDENTIFIER
control field EG-ScBUE
005 - DATE AND TIME OF LATEST TRANSACTION
control field 20260511115948.0
006 - FIXED-LENGTH DATA ELEMENTS--ADDITIONAL MATERIAL CHARACTERISTICS--GENERAL INFORMATION
fixed length control field m||||fq||h 00| 0
008 - FIXED-LENGTH DATA ELEMENTS--GENERAL INFORMATION
fixed length control field 080412s2008 gw a f b 001 0 eng d
020 ## - INTERNATIONAL STANDARD BOOK NUMBER
International Standard Book Number 9783540746676 (hardcover : alk. paper)
040 ## - CATALOGING SOURCE
Original cataloging agency DLC
Language of cataloging eng
Description conventions rda
Transcribing agency DLC
Modifying agency DLC
-- EG-ScBUE
041 1# - LANGUAGE CODE
Language code of text/sound track or separate title eng
Language code of original and/or intermediate translations of text ger
082 04 - DEWEY DECIMAL CLASSIFICATION NUMBER
Classification number 551.49
Edition number 22
Item number MER
100 1# - MAIN ENTRY--PERSONAL NAME
Personal name Merkel, Broder,
Relator term author.
9 (RLIN) 4535
240 10 - UNIFORM TITLE
Uniform title <a href="Grundwasserchemie.">Grundwasserchemie.</a>
Language of a work English
245 10 - TITLE STATEMENT
Title Groundwater geochemistry :
Remainder of title a practical guide to modeling of natural and contaminated aquatic systems /
Statement of responsibility, etc Broder J. Merkel, Britta Planer-Friedrich authors ; edited by Darrell K. Nordstrom.
250 ## - EDITION STATEMENT
Edition statement Second edition.
264 #1 - PUBLICATION, DISTRIBUTION, ETC. (IMPRINT)
Place of publication, distribution, etc Berlin :
Name of publisher, distributor, etc Springer,
Date of publication, distribution, etc [2008]
264 #4 - PUBLICATION, DISTRIBUTION, ETC. (IMPRINT)
Date of publication, distribution, etc c2008
300 ## - PHYSICAL DESCRIPTION
Extent xi, 230 pages :
Other physical details illustrations ;
Dimensions 24 cm +
Accompanying material 1 CD
336 ## - CONTENT TYPE
Source rdacontent
Content type term text
Content type code txt
336 ## - CONTENT TYPE
Source rdacontent
Content type term sounds
Content type code snd
337 ## - MEDIA TYPE
Media type term unmediated
Source rdamedia
Media type code n
337 ## - MEDIA TYPE
Media type term audio
Source rdamedia
Media type code s
338 ## - CARRIER TYPE
Carrier type term volume
Carrier type code nc
Source rdacarrier
338 ## - CARRIER TYPE
Carrier type term rdacarrier
Carrier type code computer disc
Source cd
504 ## - BIBLIOGRAPHY, ETC. NOTE
Bibliography, etc Includes bibliographical references and index.
650 #7 - SUBJECT ADDED ENTRY--TOPICAL TERM
Topical term or geographic name as entry element Water chemistry
General subdivision Mathematical models.
Source of heading or term BUEsh
9 (RLIN) 4536
655 ## - INDEX TERM--GENRE/FORM
Form subdivision Reading book
700 1# - ADDED ENTRY--PERSONAL NAME
Personal name Planer-Friedrich, B.
Fuller form of name (Britta),
Dates associated with a name 1975-
Relator term author.
9 (RLIN) 4537
700 1# - ADDED ENTRY--PERSONAL NAME
Personal name Nordstrom, Darrell Kirk,
Relator term editor.
9 (RLIN) 4538
942 ## - ADDED ENTRY ELEMENTS (KOHA)
Source of classification or shelving scheme Dewey Decimal Classification
Koha item type Book - Borrowing
Holdings
Withdrawn status Lost status Source of classification or shelving scheme Damaged status Not for loan Collection code Home library Current library Shelving location Date acquired Source of acquisition Cost, normal purchase price Serial Enumeration / chronology Total Checkouts Full call number Barcode Date last seen Price effective from Koha item type
    Dewey Decimal Classification     Baccah Central Library Central Library First floor 03/05/2009   640.00 7117   551.49 MER 000016331 15/07/2025 03/05/2009 Book - Borrowing
    Dewey Decimal Classification     Baccah Central Library Central Library First floor 03/05/2009         551.49 MER 000016288 24/08/2022 03/05/2009 CD | DVD - With book